000 00450nab a2200145Ia 4500
003 ES-SlBCS
005 20210601142037.0
008 140529s1976 xxu||||| |||| 00| 0 spa d
041 _aspa
100 1 _aFlórez Flórez, Ramiro
_d, 1921-2006
_9224219
245 0 0 _aLibertad y sentido de la historia
_c Ramiro Flórez
650 0 4 _aLibertad-Historia
_9214297
773 0 _tGiornali di Metafisica
_gvol. 31, 1976, págs. 508-516
_w0017-0372
942 _cAR
999 _c670633
_d670633